La Nueva Chispa
Збережено в:
| Формат: | Книга |
|---|---|
| Мова: | Spanish |
| Теги: |
Додати тег
Немає тегів, Будьте першим, хто поставить тег для цього запису!
|
MARC
| LEADER | 00000nam a22000007a 4500 | ||
|---|---|---|---|
| 003 | cru CIDCACS/IIS | ||
| 005 | 20190904155542.0 | ||
| 008 | 190904b2016 CR ||||| |||| 00| 0 spa d | ||
| 999 | |c 42328 |d 42328 | ||
| 040 | |c cru CRAI/IIS | ||
| 090 | |a 05.03-03 J397n | ||
| 245 | 1 | 3 | |a La Nueva Chispa |c Juventud Obrero Socialista |
| 942 | |2 ddc |c LI | ||
